90s Grunge Title in the Lyrics - Statistics

General Stats
  • This quiz has been taken 132 times
  • The average score is 4 of 10
Answer Stats
Hint Answer % Correct
All the love gone bad, turned my world to _____. Black
96%
_____ ____ ___, won't you come/ And wash away the rain. Black Hole Sun
92%
I'm the ___ __ ___ ___, buried in my sh*t. Man In the Box
73%
Think you're kinda neat, then she tells me I'm a _____. Creep
55%
I'm __ _ _____/ I can't complain/ I'm __ _ _____ On A Plain
25%
I thought it was the end, thought it was the ___ __ ____ 4th of July
16%
And if you wouldn't mind, I would like it ____ Blew
11%
When she couldn't hold, she folded/ A _________ is here. Dissident
8%
Can you be as my ___ __? God Am
6%
Throw a tack on the road, stop the ________ Meatplow
3%
No matching quizzes found
Score Distribution
Percent of People with Each Score
Percentile by Number Answered
Your Score History
You have not taken this quiz